000 00544nam a2200193 4500
001 120718
003 ES-MaACL
007 t|
008 070214s1984 sp r ||||1| spa d
100 1 _aPrado Biezma, F. J. del.
_993616
245 1 0 _aCómo se analiza una novela /
_cF. J. del Prado Biezma.
250 _a1ª ed.
260 _aMadrid :
_bAlhambra,
_c1984.
300 _aXI, 302 p. ;
_c24 cm.
490 1 _aAlhambra universidad
830 0 _aAlhambra universidad
_9180698
852 _aES-MaACL
_jL-9807
_bR.111699
999 _c120718
_d120718